000 00432nam a2200157Ia 4500
999 _c54544
_d54544
003 GCL
005 20240530105257.0
008 140319s9999 xx 000 0 ara d
040 _aGCL /
_cGCL
082 0 4 _a219.3
_bم م
100 0 _aمحمد الغزالى
245 1 0 _aمصر بين الدولة الدينية والمدنية
260 _a[S.N] :
_bالدار المصرية ،
_c1992
300 _a810
942 _2ddc
_cBK